000 00614nam a22002177a 4500
003 UA-OsUOA
001 104247
007 ta
008 20131210b un ||||| |||| 00| 0 ukr d
100 _aГонтмахер Е.
090 _a330
_bГ65
942 _cSA
040 _aUA-OsUOA
_brus
_cUA-OsUOA
_dUA-OsUOA
245 _aМировые миграционные процессы: необходимость глобального регулирования
300 _aС.136-147
955 _a0
041 _arus
080 _a330
773 0 _w104245
650 7 _a330 Економіка взагалі
_2UDC
999 _c390680
_d390680